<?xml version="1.0" encoding="UTF-8"?>
<record
    xmlns:xsi="http://www.w3.org/2001/XMLSchema-instance"
    xsi:schemaLocation="http://www.loc.gov/MARC21/slim http://www.loc.gov/standards/marcxml/schema/MARC21slim.xsd"
    xmlns="http://www.loc.gov/MARC21/slim">

  <leader>02567cam a2200313   4500</leader>
  <controlfield tag="001">2679775</controlfield>
  <controlfield tag="003">OSt</controlfield>
  <controlfield tag="005">20210414114210.0</controlfield>
  <controlfield tag="008">740719s1974    ilu           001 0 eng  </controlfield>
  <datafield tag="010" ind1=" " ind2=" ">
    <subfield code="a">   74075087 </subfield>
  </datafield>
  <datafield tag="020" ind1=" " ind2=" ">
    <subfield code="a">0256015775</subfield>
  </datafield>
  <datafield tag="040" ind1=" " ind2=" ">
    <subfield code="a">DLC</subfield>
    <subfield code="c">DLC</subfield>
    <subfield code="d">DLC</subfield>
  </datafield>
  <datafield tag="043" ind1=" " ind2=" ">
    <subfield code="a">n-us---</subfield>
  </datafield>
  <datafield tag="050" ind1="0" ind2="0">
    <subfield code="a">KF888.B8 </subfield>
  </datafield>
  <datafield tag="082" ind1="0" ind2="0">
    <subfield code="a">346/.73/07</subfield>
  </datafield>
  <datafield tag="245" ind1="0" ind2="0">
    <subfield code="a">Business law; principles and cases. /</subfield>
    <subfield code="c">[by] Harold F. Lusk [and others]</subfield>
  </datafield>
  <datafield tag="250" ind1=" " ind2=" ">
    <subfield code="a">3d U.C.C. ed.</subfield>
  </datafield>
  <datafield tag="260" ind1=" " ind2=" ">
    <subfield code="a">Homewood, Ill.,</subfield>
    <subfield code="b">R. D. Irwin,</subfield>
    <subfield code="c">1974.</subfield>
  </datafield>
  <datafield tag="300" ind1=" " ind2=" ">
    <subfield code="a">xx, 1281 p.:</subfield>
    <subfield code="c">25 cm.</subfield>
  </datafield>
  <datafield tag="500" ind1=" " ind2=" ">
    <subfield code="a">First U.C.C. ed. and previous non-U.C.C. editions by H. F. Lusk.</subfield>
  </datafield>
  <datafield tag="500" ind1=" " ind2=" ">
    <subfield code="a">Rev. ed. published as: Business law and the regulatory environment. 5th ed. 1982.</subfield>
  </datafield>
  <datafield tag="505" ind1=" " ind2=" ">
    <subfield code="a">Contents : The Nature of law and its development -- Flexibility and growth in the law -- Crime and international torts -- Negligence and strict liability -- Introduction -- Offer -- Acceptance -- Reality of consent -- Consideration -- Capacity of parties -- Illegality -- Writing -- Rights and third parties -- Performance and remedies -- Creation of relation and authority -- Relation of principal and third persons -- Relation of agent to third person -- Relation principal and agent -- Creation of partnership -- Relation of partners between themselves -- Relation of partners to third persons -- Dissolution and winding up -- Nature of corporation and incorporation -- Organizing and financing the corporation's business -- Operating the corporate business -- Shareholders' rights and liabilities -- Securities regulation -- Foreign corporations -- Personal property -- Real property -- Landlord and tenant -- Environmental law -- Formation and terms of sales contracts -- Warranty and product liability -- Performance -- Remedies for breach -- Negotiable instruments -- Negotiation and holder in due course -- Liability of parties and discharge -- Checks and documents of title -- Introduction to security -- Security interests in personal property -- Security interests in real property -- Bankruptcy -- Competitive torts and the protection of ideas -- The Sherman Act -- The clayton act -- The Robinson-Patman Act -- The   Federal Trade Commission Act and other acts and law relating to competition -- Appendixes -- Case index -- General index.</subfield>
  </datafield>
  <datafield tag="650" ind1=" " ind2="0">
    <subfield code="a">Commercial law</subfield>
    <subfield code="z">United States.</subfield>
  </datafield>
  <datafield tag="650" ind1=" " ind2="0">
    <subfield code="a">Commercial law</subfield>
    <subfield code="z">United States</subfield>
    <subfield code="x">Cases.</subfield>
  </datafield>
  <datafield tag="700" ind1="1" ind2=" ">
    <subfield code="a">Lusk, Harold F.,</subfield>
    <subfield code="d">1893-</subfield>
  </datafield>
  <datafield tag="700" ind1="1" ind2=" ">
    <subfield code="a">Lusk, Harold F.,</subfield>
    <subfield code="d">1893-</subfield>
    <subfield code="t">Business law.</subfield>
  </datafield>
  <datafield tag="906" ind1=" " ind2=" ">
    <subfield code="a">7</subfield>
    <subfield code="b">cbc</subfield>
    <subfield code="c">orignew</subfield>
    <subfield code="d">2</subfield>
    <subfield code="e">opcn</subfield>
    <subfield code="f">19</subfield>
    <subfield code="g">y-gencatlg</subfield>
  </datafield>
  <datafield tag="942" ind1=" " ind2=" ">
    <subfield code="2">lcc</subfield>
    <subfield code="c">BK</subfield>
  </datafield>
  <datafield tag="999" ind1=" " ind2=" ">
    <subfield code="c">2789</subfield>
    <subfield code="d">10289</subfield>
  </datafield>
  <datafield tag="952" ind1=" " ind2=" ">
    <subfield code="0">0</subfield>
    <subfield code="1">0</subfield>
    <subfield code="2">lcc</subfield>
    <subfield code="4">0</subfield>
    <subfield code="7">0</subfield>
    <subfield code="a">WIUC-1</subfield>
    <subfield code="b">WIUC-1</subfield>
    <subfield code="c">LL</subfield>
    <subfield code="d">2014-04-01</subfield>
    <subfield code="l">0</subfield>
    <subfield code="o">KF888.B8</subfield>
    <subfield code="p">400/13</subfield>
    <subfield code="r">2014-04-01 00:00:00</subfield>
    <subfield code="t">1</subfield>
    <subfield code="w">2014-04-01</subfield>
    <subfield code="y">BK</subfield>
  </datafield>
</record>
